Los Angeles Clippers Top 10 Leaders - Statistics

General Stats
  • This quiz has been taken 768 times
    48 since last reset
  • The average score is 9 of 26
Answer Stats
Answer % Correct
Chris Paul
100%
Blake Griffin
97%
Kawhi Leonard
92%
DeAndre Jordan
89%
Ivica Zubac
74%
Bob McAdoo
71%
James Harden
61%
Charles Smith
58%
Randy Smith
58%
Elton Brand
42%
Corey Maggette
26%
Danny Manning
26%
Mark Jackson
26%
Chris Kaman
24%
Baron Davis
21%
Michael Olowokandi
16%
Ron Harper
13%
Benoit Benjamin
11%
Norm Nixon
11%
Swen Nater
8%
Gary Grant
5%
Loy Vaught
5%
Ernie DiGregorio
3%
Bo Outlaw
0%
Eric Piatkowski
0%
Gar Heard
0%
No matching quizzes found
Score Distribution
Percent of People with Each Score
Percentile by Number Answered
Your Score History
You have not taken this quiz since the last reset